000
00276nam a22001217a 4500
008
170616b xxu||||| |||| 00| 0 eng d
041
_a
eng
080
_a
9780325006475
100
_a
20
101
_a
SHP
245
_a
IN DEFENSE OF OUR CHILDREN
_c
GARAN,E.M
942
_2
udc
_c
BK
999
_c
17976
_d
17976